[Event "C.to Europeo U18"]
[Site "Fermo ITA"]
[Date "2009.09.09"]
[Round "9"]
[White "Georgescu, Tiberiu-Marian"]
[Black "Graf, Felix"]
[Result "1/2-1/2"]
[WhiteElo "2382"]
[BlackElo "2291"]
[PlyCount "72"]
[EventDate "2009.08.31"]

1. d4 Nf6 2. c4 e6 3. Nf3 Bb4+ 4. Bd2 Qe7 5. g3 Nc6 6. Bg2 Bxd2+ 7. Nbxd2 d6 8.
Nf1 e5 9. Ne3 O-O 10. Nd5 Nxd5 11. cxd5 Nxd4 12. Nxd4 exd4 13. Qxd4 Bd7 14. e3
Bb5 15. a4 c5 16. dxc6 Bxc6 17. O-O Rfd8 18. Rfc1 Bxg2 19. Kxg2 h6 20. Rc3 a6
21. Rac1 Rd7 22. Rc8+ Rxc8 23. Rxc8+ Rd8 24. Rc3 Rd7 25. Rc8+ Rd8 26. Rc4 b5
27. axb5 Qb7+ 28. Qe4 Qxb5 29. Qd4 Qb7+ 30. e4 Qb5 31. Rc2 Qe5 32. Rd2 Rb8 33.
b4 Qxd4 34. Rxd4 Kf8 35. Rxd6 Rxb4 36. Rxa6 Rxe4 1/2-1/2

[Event "C.to Europeo U18"]
[Site "Fermo ITA"]
[Date "2009.09.09"]
[Round "9"]
[White "Getz, Nicolai"]
[Black "Ponizil, Cyril"]
[Result "0-1"]
[WhiteElo "2219"]
[BlackElo "2314"]
[PlyCount "64"]
[EventDate "2009.08.31"]

1. e4 c5 2. Nc3 Nc6 3. Nge2 d6 4. d4 cxd4 5. Nxd4 Nf6 6. Be2 e5 7. Nf3 h6 8.
O-O Be7 9. Qd3 O-O 10. Rd1 Be6 11. a3 Rc8 12. h3 Nb8 13. Qe3 Nbd7 14. Nb5 d5
15. Nxe5 Nxe5 16. exd5 Nc4 17. Qg3 Ne4 18. Qd3 Bf5 19. Nxa7 Ne5 20. Qb3 Ra8 21.
Nb5 Bh4 22. Be3 Qf6 23. Rf1 Qg6 24. Bf4 Nd7 25. Nd4 Nec5 26. Qc3 Be4 27. Bf3
Bf6 28. Rad1 Na4 29. Qb4 Bxf3 30. Nxf3 Nxb2 31. Bd6 Nxd1 32. Bxf8 Nxf8 0-1

[Event "C.to Europeo U18"]
[Site "Fermo ITA"]
[Date "2009.09.09"]
[Round "9"]
[White "Gevorgyan, David"]
[Black "Bulanov, Dmitri"]
[Result "0-1"]
[WhiteElo "2274"]
[BlackElo "2393"]
[PlyCount "165"]
[EventDate "2009.08.31"]

1. c4 Nf6 2. d4 c5 3. Nf3 cxd4 4. Nxd4 e5 5. Nb5 d5 6. cxd5 Bc5 7. e3 O-O 8.
N5c3 e4 9. Nd2 Bf5 10. a3 a5 11. Be2 Qe7 12. Nf1 Nbd7 13. Ng3 Bg6 14. O-O Rad8
15. Qa4 h5 16. f4 exf3 17. Bxf3 Ne5 18. Be4 Nxe4 19. Ngxe4 Ba7 20. d6 Qe6 21.
Qxa5 Nc6 22. Qa4 b5 23. Qc2 Rxd6 24. g3 Re8 25. Rf4 Rd7 26. Qe2 Ne5 27. Nf2 Nd3
28. Nxd3 Rxd3 29. Nxb5 Bxe3+ 30. Bxe3 Rxe3 31. Qf2 Re2 32. Nd4 Rxf2 33. Nxe6
Rxb2 34. Nd4 Rd8 35. a4 Rb4 36. Nc6 Rxf4 37. Nxd8 Rc4 38. Nb7 Rc2 39. Nd6 Rc6
40. Nb5 Be4 41. Ra2 Bd5 42. Rd2 Bb3 43. Rd4 Rc1+ 44. Kf2 Rc2+ 45. Kg1 Kh7 46.
h4 Be6 47. Rd3 f6 48. Ra3 Bd7 49. Nc3 Bc6 50. Na2 Rb2 51. Kf1 Kg6 52. Nc3 Kf5
53. a5 Kg4 54. a6 Bg2+ 55. Ke1 Ba8 56. Nd1 Rb1 57. a7 g5 58. hxg5 fxg5 59. Ke2
Kh3 60. Rc3 g4 61. Nf2+ Kg2 62. Rc8 Bf3+ 63. Ke3 Re1+ 64. Kf4 Kxf2 65. a8=Q
Bxa8 66. Rxa8 Kg2 67. Ra2+ Kh3 68. Ra3 Rf1+ 69. Kg5 Rf3 70. Ra5 Kxg3 71. Kxh5
Rb3 72. Rg5 Rb4 73. Kg6 Kh3 74. Rh5+ Kg2 75. Rh4 Kg3 76. Rh8 Kf3 77. Rh4 Rb5
78. Rh1 g3 79. Ra1 g2 80. Kh6 Kg3 81. Ra3+ Kh2 82. Ra2 Kh1 83. Rxg2 0-1

[Event "C.to Europeo U18"]
[Site "Fermo ITA"]
[Date "2009.09.09"]
[Round "9"]
[White "Giacchetti, Lorenzo"]
[Black "Dvornicen, Ivan"]
[Result "1/2-1/2"]
[WhiteElo "1818"]
[BlackElo "1859"]
[PlyCount "79"]
[EventDate "2009.08.31"]

1. e4 c5 2. Nf3 d6 3. d4 cxd4 4. Nxd4 Nf6 5. Nc3 a6 6. Be3 e5 7. Nb3 Be6 8. Qd2
h6 9. f3 Be7 10. g4 Bxg4 11. fxg4 Nxg4 12. h3 Bh4+ 13. Kd1 Nxe3+ 14. Qxe3 O-O
15. Rg1 Kh8 16. Nd5 Nd7 17. Nd2 Bg5 18. Qg3 Rg8 19. Nf3 Bf6 20. Bc4 b5 21. Nxf6
Qxf6 22. Bd5 Rac8 23. Kd2 Nb6 24. Bb3 Nc4+ 25. Bxc4 Rxc4 26. Nh4 Rxe4 27. Raf1
Qxh4 28. Rxf7 Rd4+ 29. Kc1 Qxg3 30. Rxg3 g5 31. Rc3 Rg7 32. Rf6 Kh7 33. Rc6 Rd7
34. Rxa6 b4 35. a3 bxa3 36. bxa3 Rf4 37. Raxd6 Rxd6 38. Rxd6 Rf3 39. Rd3 Rf6
40. Re3 1/2-1/2

[Event "C.to Europeo U18"]
[Site "Fermo ITA"]
[Date "2009.09.09"]
[Round "9"]
[White "Holvason, Juri"]
[Black "Anton, Teodor"]
[Result "0-1"]
[WhiteElo "2118"]
[BlackElo "2379"]
[PlyCount "80"]
[EventDate "2009.08.31"]

1. e4 c5 2. Nf3 d6 3. d4 cxd4 4. Nxd4 Nf6 5. Nc3 a6 6. Bg5 e6 7. f4 Qc7 8. Bxf6
gxf6 9. f5 Nc6 10. Be2 Qb6 11. Nb3 Rg8 12. Bf3 Bd7 13. Qd2 O-O-O 14. O-O-O Ne5
15. Kb1 Kb8 16. Bh5 Rg5 17. Qe2 Rc8 18. Rhf1 Rxc3 19. bxc3 Bb5 20. Qf2 Qxf2 21.
Rxf2 Rxh5 22. fxe6 fxe6 23. Rxf6 Be7 24. Rxe6 Ng6 25. h3 Kc7 26. Rd5 Rh4 27. e5
dxe5 28. Rdxe5 Nxe5 29. Rxe7+ Nd7 30. Nd4 Rh5 31. Rg7 Bc6 32. c4 Kd6 33. h4 Kc5
34. Ne6+ Kxc4 35. g3 Re5 36. Nf4 Kc3 37. Nd3 Re3 38. g4 Rh3 39. h5 Rh1+ 40. Nc1
Be4 0-1

[Event "C.to Europeo U18"]
[Site "Fermo ITA"]
[Date "2009.09.09"]
[Round "9"]
[White "Homatidis, Panagiotis"]
[Black "Kourousis, Epaminondas"]
[Result "1/2-1/2"]
[WhiteElo "2123"]
[BlackElo "2237"]
[PlyCount "21"]
[EventDate "2009.08.31"]

1. e4 c5 2. Nc3 Nc6 3. f4 e6 4. Nf3 d5 5. exd5 exd5 6. d4 Bg4 7. Bb5 cxd4 8.
Qxd4 Bxf3 9. gxf3 a6 10. Bxc6+ bxc6 11. Be3 1/2-1/2

[Event "C.to Europeo U18"]
[Site "Fermo ITA"]
[Date "2009.09.09"]
[Round "9"]
[White "Janev, Tihomir"]
[Black "Salgado Lopez, Ivan"]
[Result "0-1"]
[WhiteElo "2322"]
[BlackElo "2558"]
[PlyCount "60"]
[EventDate "2009.08.31"]

1. e4 c5 2. Nc3 a6 3. f4 b5 4. d4 cxd4 5. Qxd4 Nc6 6. Qf2 e6 7. Bd3 Qa5 8. Nf3
b4 9. Ne2 Nf6 10. h3 b3+ 11. c3 Qxa2 12. Rb1 a5 13. Ned4 Ba6 14. Qe3 Bc5 15. e5
Nd5 16. Qe4 Bxd3 17. Qxd3 Bxd4 18. Nxd4 Nxd4 19. cxd4 O-O 20. O-O Rac8 21. f5
exf5 22. Bg5 h6 23. Bxh6 gxh6 24. Rxf5 Rc2 25. Rbf1 Qxb2 26. Kh1 Rxg2 27. Qf3
Rh2+ 28. Kg1 Qg2+ 29. Qxg2+ Rxg2+ 30. Kxg2 Ne3+ 0-1

[Event "C.to Europeo U18"]
[Site "Fermo ITA"]
[Date "2009.09.09"]
[Round "9"]
[White "Jendrichovsky, Peter"]
[Black "Massoni, Michael"]
[Result "1/2-1/2"]
[WhiteElo "2147"]
[BlackElo "2291"]
[PlyCount "79"]
[EventDate "2009.08.31"]

1. d4 Nf6 2. c4 g6 3. Nc3 d5 4. Bf4 Bg7 5. e3 O-O 6. Rc1 c5 7. dxc5 Qa5 8. Qb3
dxc4 9. Bxc4 Nbd7 10. Qb5 Qxb5 11. Nxb5 Ne4 12. b4 a5 13. a3 axb4 14. axb4 g5
15. f3 gxf4 16. fxe4 fxe3 17. Ne2 Ra4 18. Nec3 Rxb4 19. Nd5 Rb2 20. Nxe7+ Kh8
21. Nd6 Nxc5 22. Nexc8 Nxe4 23. Nxe4 Rxc8 24. Nd6 Rc7 25. Nxf7+ Kg8 26. Nd6+
Kh8 27. O-O e2 28. Bxe2 Bd4+ 29. Kh1 Rxc1 30. Rxc1 Rxe2 31. Nxb7 Kg7 32. Nd6
Bf2 33. g3 Kg6 34. Rc4 Be1 35. Rg4+ Kf6 36. Rh4 Kg6 37. Ne4 Bd2 38. h3 h5 39.
Nd6 Be1 40. Re4 1/2-1/2

[Event "C.to Europeo U18"]
[Site "Fermo ITA"]
[Date "2009.09.09"]
[Round "9"]
[White "Kleijn, Christov"]
[Black "Janse, Rasmus"]
[Result "1-0"]
[WhiteElo "2377"]
[BlackElo "2127"]
[PlyCount "65"]
[EventDate "2009.08.31"]

1. e4 e6 2. d4 d5 3. Nc3 Bb4 4. e5 c5 5. a3 Bxc3+ 6. bxc3 Ne7 7. a4 Qa5 8. Bd2
Nbc6 9. Nf3 Bd7 10. Be2 O-O-O 11. O-O f6 12. c4 Qc7 13. cxd5 Nxd5 14. c4 Nde7
15. exf6 gxf6 16. a5 cxd4 17. a6 e5 18. axb7+ Kb8 19. Qa4 Bf5 20. Bb4 Bc2 21.
Qa2 d3 22. Bc5 Qxb7 23. Bd1 Ka8 24. Bxc2 dxc2 25. Qxc2 Rb8 26. Bd6 Rbd8 27.
Rfb1 Qc8 28. c5 Rd7 29. Nd2 Nd4 30. Nc4 Nd5 31. Qe4 Qc6 32. Qxd5 Rxd6 33. cxd6
1-0

[Event "C.to Europeo U18"]
[Site "Fermo ITA"]
[Date "2009.09.09"]
[Round "9"]
[White "MacGregor, Ian Ross"]
[Black "Glibstrup, Jakob"]
[Result "1/2-1/2"]
[WhiteElo "1854"]
[BlackElo "1978"]
[PlyCount "43"]
[EventDate "2009.08.31"]

1. d4 Nf6 2. Nf3 g6 3. Bf4 Bg7 4. e3 d6 5. Be2 O-O 6. c3 c5 7. O-O Qb6 8. Qc1
Be6 9. Nbd2 Rc8 10. Ng5 Bd7 11. dxc5 Qxc5 12. e4 h6 13. Be3 Qc6 14. Ngf3 Nxe4
15. Nxe4 Qxe4 16. Ne1 Nc6 17. Bf3 Qh4 18. g3 Qh3 19. Bg2 Qh5 20. Bf3 Qh3 21.
Bg2 Qh5 22. Bf3 1/2-1/2

[Event "C.to Europeo U18"]
[Site "Fermo ITA"]
[Date "2009.09.09"]
[Round "9"]
[White "Mammadov, Ayaz Arzu Oglu"]
[Black "Garnelis, Julius"]
[Result "1/2-1/2"]
[WhiteElo "2331"]
[BlackElo "2228"]
[PlyCount "64"]
[EventDate "2009.08.31"]

1. e4 c6 2. d4 d5 3. Nc3 dxe4 4. Nxe4 Bf5 5. Nc5 e5 6. Nxb7 Qb6 7. Nc5 exd4 8.
Nb3 Bb4+ 9. Bd2 Bxd2+ 10. Qxd2 c5 11. Qe2+ Ne7 12. Qb5+ Nd7 13. O-O-O Qh6+ 14.
Kb1 O-O 15. Bd3 Rfb8 16. Qa5 Bxd3 17. cxd3 Qc6 18. Nf3 Rb5 19. Qe1 Nd5 20. Ne5
Nxe5 21. Qxe5 Re8 22. Qg3 a5 23. Rc1 Qb6 24. Rhe1 Re6 25. Re5 Nc3+ 26. bxc3
Rxb3+ 27. Ka1 dxc3 28. Rxe6 fxe6 29. axb3 Qxb3 30. Rc2 Qxc2 31. Qb8+ Kf7 32.
Qf4+ Kg8 1/2-1/2

[Event "C.to Europeo U18"]
[Site "Fermo ITA"]
[Date "2009.09.09"]
[Round "9"]
[White "Martinovic, Sasa"]
[Black "Krejci, Jan"]
[Result "1/2-1/2"]
[WhiteElo "2525"]
[BlackElo "2453"]
[PlyCount "91"]
[EventDate "2009.08.31"]

1. d4 Nf6 2. c4 e6 3. Nc3 Bb4 4. e3 O-O 5. Nge2 d5 6. a3 Be7 7. cxd5 exd5 8.
Nf4 c6 9. Bd3 a5 10. O-O Na6 11. Rb1 Re8 12. Qc2 Bd6 13. Bd2 h6 14. Kh1 Bd7 15.
Nfe2 Qe7 16. f3 c5 17. dxc5 Nxc5 18. Bb5 Qe5 19. f4 Qe7 20. Nd4 Nce4 21. Be1
Nxc3 22. Bxc3 Ng4 23. Bxd7 Qxd7 24. Nf5 Bf8 25. Rbd1 g6 26. h3 gxf5 27. hxg4
fxg4 28. f5 Rxe3 29. Rf4 h5 30. Qd2 Qe7 31. Qd4 Qh4+ 32. Kg1 Rxc3 33. Qxc3 Bd6
34. g3 Bc5+ 35. Rdd4 Bxd4+ 36. Rxd4 Qd8 37. Qd2 Qf6 38. Rxd5 a4 39. Rd6 Qxf5
40. Rd5 Qb1+ 41. Kh2 f6 42. Rxh5 Qe4 43. Qd5+ Qxd5 44. Rxd5 Kg7 45. Rd7+ Kg6
46. Rxb7 1/2-1/2

[Event "C.to Europeo U18"]
[Site "Fermo ITA"]
[Date "2009.09.09"]
[Round "9"]
[White "Mereu, Matteo"]
[Black "Salentiny, Eric"]
[Result "1/2-1/2"]
[WhiteElo "1964"]
[BlackElo "1861"]
[PlyCount "82"]
[EventDate "2009.08.31"]

1. e4 c5 2. Nf3 Nc6 3. b4 cxb4 4. d4 d5 5. e5 Bg4 6. Be3 e6 7. a3 Qa5 8. Bd3 f6
9. exf6 Nxf6 10. O-O Be7 11. Nbd2 bxa3 12. c4 Nb4 13. Be2 O-O 14. c5 Rac8 15.
Qb3 Nc6 16. Qxb7 Ne4 17. Qb5 Nxd2 18. Nxd2 Bxe2 19. Qxe2 Bf6 20. Qd3 a2 21. Nf3
Rb8 22. Qe2 Qc3 23. Rxa2 Bxd4 24. Bxd4 Nxd4 25. Nxd4 Qxd4 26. Qxe6+ Kh8 27.
Rxa7 Qxc5 28. Ra2 Rfc8 29. Rd2 Rd8 30. h3 Rb6 31. Qf5 Rf6 32. Qg5 h6 33. Qh4
Rfd6 34. Rd4 Re8 35. Qg4 Rde6 36. Qd1 Re5 37. Kh1 Qa5 38. Kg1 Qc5 39. Qd3 Qd6
40. g3 Re3 41. fxe3 Qxg3+ 1/2-1/2

[Event "C.to Europeo U18"]
[Site "Fermo ITA"]
[Date "2009.09.09"]
[Round "9"]
[White "Ollier, Pablo"]
[Black "Hohluks, Aleksandrs"]
[Result "1/2-1/2"]
[WhiteElo "2226"]
[BlackElo "2085"]
[PlyCount "27"]
[EventDate "2009.08.31"]

1. d4 c5 2. d5 g6 3. e4 d6 4. Nc3 Bg7 5. Nf3 Nf6 6. Bb5+ Nbd7 7. a4 O-O 8. O-O
a6 9. Be2 b6 10. Nd2 Bb7 11. Re1 e5 12. Nc4 Ne8 13. f4 f5 14. Rf1 1/2-1/2

[Event "C.to Europeo U18"]
[Site "Fermo ITA"]
[Date "2009.09.09"]
[Round "9"]
[White "Omarsson, Dadi"]
[Black "Vukcevic, Nemanja"]
[Result "1-0"]
[WhiteElo "2091"]
[BlackElo "1996"]
[PlyCount "49"]
[EventDate "2009.08.31"]

1. e4 c5 2. Nf3 d6 3. d4 cxd4 4. Nxd4 Nf6 5. Nc3 a6 6. Bg5 e6 7. f4 Qb6 8. Qd2
Qxb2 9. Rb1 Qa3 10. e5 h6 11. Bh4 dxe5 12. fxe5 g5 13. exf6 gxh4 14. Be2 Bc5
15. Ne4 Bxd4 16. Qxd4 Nc6 17. Qd2 Qa5 18. c3 Qd5 19. Qe3 Qe5 20. O-O Rg8 21.
Rbd1 Rg6 22. Nd6+ Kf8 23. Qxe5 Nxe5 24. Nc4 Nc6 25. Ne5 1-0

[Event "C.to Europeo U18"]
[Site "Fermo ITA"]
[Date "2009.09.09"]
[Round "9"]
[White "Paichadze, Luka"]
[Black "Stankovic, Milos"]
[Result "1-0"]
[WhiteElo "2420"]
[BlackElo "2306"]
[PlyCount "69"]
[EventDate "2009.08.31"]

1. e4 c5 2. b3 d6 3. Bb2 Nc6 4. Bb5 Bd7 5. f4 Nf6 6. d3 e6 7. Nf3 Be7 8. O-O a6
9. Bxc6 Bxc6 10. Qe1 O-O 11. Nbd2 b5 12. Qg3 Rc8 13. Rae1 c4 14. bxc4 bxc4 15.
Nxc4 d5 16. exd5 Bxd5 17. Nfe5 Bxc4 18. Nxc4 Rxc4 19. Bxf6 Bxf6 20. dxc4 Bh4
21. Qc3 Bxe1 22. Rxe1 Qc7 23. Re5 Rc8 24. c5 Qc6 25. Qc4 Rd8 26. Qe4 Qb5 27. h3
g6 28. Kh2 Rc8 29. Rxe6 Qxc5 30. Re8+ Kg7 31. Rxc8 Qxc8 32. c4 Qc7 33. Qe5+
Qxe5 34. fxe5 f6 35. c5 1-0

[Event "C.to Europeo U18"]
[Site "Fermo ITA"]
[Date "2009.09.09"]
[Round "9"]
[White "Palmitessa, Andrea"]
[Black "Karaoulanis, Dimitrios"]
[Result "1/2-1/2"]
[WhiteElo "1796"]
[BlackElo "1898"]
[PlyCount "105"]
[EventDate "2009.08.31"]

1. e4 c5 2. Nf3 d6 3. d4 cxd4 4. Nxd4 Nf6 5. Nc3 a6 6. g3 e5 7. Nde2 Be7 8. Bg2
O-O 9. O-O Be6 10. Nd5 Nxd5 11. exd5 Bg4 12. Be3 f5 13. f4 e4 14. Qd2 Bxe2 15.
Qxe2 Nd7 16. Kh1 Bf6 17. c3 Nb6 18. Bh3 g6 19. g4 fxg4 20. Bxg4 Kh8 21. Be6 Qc7
22. Bd4 Bxd4 23. cxd4 Qc4 24. Qxe4 Rae8 25. b3 Qb5 26. Qg2 Nc8 27. f5 gxf5 28.
Rxf5 Rxf5 29. Bxf5 Ne7 30. Be6 Qd3 31. Rf1 Qxd4 32. Qf3 Ng6 33. Qf7 Rf8 34.
Qxf8+ Nxf8 35. Rxf8+ Kg7 36. Rf7+ Kg6 37. Kg2 b5 38. Rf2 h5 39. Bf7+ Kg5 40.
Be6 h4 41. h3 Qe4+ 42. Kh2 Qe1 43. Kg2 Qe4+ 44. Kh2 Qe3 45. Kg1 Kh5 46. Kf1
Qd3+ 47. Kg1 Kg5 48. Kg2 Qb1 49. Kh2 b4 50. Kg2 Qe4+ 51. Kh2 Qe3 52. Kg2 Qe4+
53. Kh2 1/2-1/2

[Event "C.to Europeo U18"]
[Site "Fermo ITA"]
[Date "2009.09.09"]
[Round "9"]
[White "Pavlidis, Anastasios"]
[Black "Nuri, Kambez"]
[Result "1-0"]
[WhiteElo "2348"]
[BlackElo "2198"]
[PlyCount "67"]
[EventDate "2009.08.31"]

1. d4 Nf6 2. c4 c5 3. d5 e6 4. Nc3 exd5 5. cxd5 d6 6. e4 g6 7. Nf3 a6 8. a4 Bg7
9. h3 O-O 10. Bd3 Re8 11. O-O c4 12. Bc2 Nbd7 13. Bf4 Nc5 14. Nd2 Nd3 15. Bxd3
cxd3 16. Qf3 Nh5 17. Bh2 Be5 18. Qxd3 f5 19. Bxe5 Rxe5 20. f4 Re8 21. Qd4 Qh4
22. Qf2 Qxf2+ 23. Rxf2 Nf6 24. Re1 fxe4 25. Ndxe4 Nxe4 26. Nxe4 Kf8 27. Rfe2
Bd7 28. Nxd6 Rxe2 29. Rxe2 b5 30. a5 Rd8 31. Nb7 Rc8 32. b4 Rc4 33. Nc5 Bc8 34.
Rd2 1-0

[Event "C.to Europeo U18"]
[Site "Fermo ITA"]
[Date "2009.09.09"]
[Round "9"]
[White "Platzgummer, Fabian"]
[Black "Smola, Michal"]
[Result "1-0"]
[WhiteElo "2308"]
[BlackElo "2231"]
[PlyCount "55"]
[EventDate "2009.08.31"]

1. d4 Nf6 2. c4 g6 3. Nc3 Bg7 4. e4 d6 5. Nge2 O-O 6. Ng3 e5 7. d5 a5 8. h4 Na6
9. h5 Nc5 10. Be2 Bd7 11. Be3 b6 12. Qd2 Qe7 13. Bg5 Rab8 14. O-O-O Na4 15.
Nxa4 Bxa4 16. b3 Bd7 17. Rh2 b5 18. Rdh1 bxc4 19. Bxc4 h6 20. hxg6 fxg6 21.
Bxh6 Ng4 22. Bxg7 Qxg7 23. Rh4 Rxf2 24. Qg5 Rf4 25. Nf5 Bxf5 26. exf5 Rf8 27.
Rxg4 R8xf5 28. Qxg6 1-0

[Event "C.to Europeo U18"]
[Site "Fermo ITA"]
[Date "2009.09.09"]
[Round "9"]
[White "Recuero Guerra, David"]
[Black "Nabaty, Tamir"]
[Result "1-0"]
[WhiteElo "2460"]
[BlackElo "2504"]
[PlyCount "73"]
[EventDate "2009.08.31"]

1. e4 e6 2. d4 d5 3. Nc3 Bb4 4. e5 Ne7 5. Qg4 c5 6. dxc5 Nbc6 7. Bd2 O-O 8.
O-O-O b6 9. Bg5 Qd7 10. Bb5 Bxc3 11. Bxc6 Qxc6 12. Bxe7 Bxe5 13. Nf3 Bc7 14.
Bxf8 Kxf8 15. cxb6 axb6 16. Kb1 e5 17. Qh5 f6 18. Qxh7 Be6 19. Rhe1 d4 20. b3
b5 21. Qd3 Ba5 22. Nxe5 fxe5 23. Rxe5 Bc3 24. Rxe6 Rxa2 25. Qf5+ Kg8 26. Re8+
Qxe8 27. Qd5+ Kh8 28. Kxa2 Qe2 29. Rc1 b4 30. Qa8+ Kh7 31. f3 g6 32. Kb1 d3 33.
Qe4 Qf2 34. Qe7+ Kh6 35. Qf8+ Kh5 36. g4+ Kh4 37. Qh6# 1-0

[Event "C.to Europeo U18"]
[Site "Fermo ITA"]
[Date "2009.09.09"]
[Round "9"]
[White "Sivuk, Vitaly"]
[Black "Rasulov, Vugar Ural Oglu"]
[Result "1/2-1/2"]
[WhiteElo "2346"]
[BlackElo "2482"]
[PlyCount "89"]
[EventDate "2009.08.31"]

1. e4 c5 2. Nc3 a6 3. Nf3 d6 4. d4 cxd4 5. Nxd4 Nf6 6. Bg5 e6 7. f4 b5 8. Qf3
Bb7 9. Bd3 Nbd7 10. O-O-O Qb6 11. Nb3 Be7 12. Rhe1 O-O-O 13. Qg3 b4 14. Nb1 h6
15. Bxf6 Bxf6 16. N1d2 g5 17. Nc4 Qc7 18. fxg5 Bxg5+ 19. Kb1 Ne5 20. Nxe5 dxe5
21. Qf2 Rd6 22. Nc5 Rf8 23. Rf1 Be7 24. Nxb7 Kxb7 25. Qd2 h5 26. Qe2 h4 27. Qh5
f5 28. exf5 exf5 29. Rxf5 Rxf5 30. Qxf5 Rd4 31. Qe6 Bd6 32. Rf1 Rf4 33. Rd1 Rd4
34. g3 hxg3 35. hxg3 Kb6 36. Re1 Qg7 37. Qc8 Qb7 38. Qd8+ Ka7 39. Qe8 Kb6 40.
b3 Qc6 41. Qxc6+ Kxc6 42. Be4+ Kc7 43. g4 Be7 44. Kb2 Bg5 45. Re2 1/2-1/2

[Event "C.to Europeo U18"]
[Site "Fermo ITA"]
[Date "2009.09.09"]
[Round "9"]
[White "Sreeves, Clement"]
[Black "Baloire, Endy"]
[Result "1/2-1/2"]
[WhiteElo "2011"]
[BlackElo "1895"]
[PlyCount "31"]
[EventDate "2009.08.31"]

1. e4 c6 2. d4 d5 3. Nc3 dxe4 4. Nxe4 Nd7 5. Nf3 Ngf6 6. Ng3 Qc7 7. Bd3 e6 8.
O-O Bd6 9. c4 O-O 10. b3 b6 11. Bb2 Bb7 12. Qe2 c5 13. Rad1 Rad8 14. Bb1 Rfe8
15. Rfe1 cxd4 16. Nxd4 1/2-1/2

[Event "C.to Europeo U18"]
[Site "Fermo ITA"]
[Date "2009.09.09"]
[Round "9"]
[White "Swiercz, Dariusz"]
[Black "Leniart, Arkadiusz"]
[Result "1/2-1/2"]
[WhiteElo "2492"]
[BlackElo "2390"]
[PlyCount "156"]
[EventDate "2009.08.31"]

1. e4 c5 2. Nf3 Nc6 3. d4 cxd4 4. Nxd4 Nf6 5. Nc3 e5 6. Ndb5 d6 7. Bg5 a6 8.
Na3 b5 9. Bxf6 gxf6 10. Nd5 f5 11. c3 Bg7 12. exf5 Bxf5 13. Nc2 Be6 14. Nce3
Ne7 15. a4 Nxd5 16. Nxd5 O-O 17. Be2 bxa4 18. Rxa4 a5 19. O-O Rb8 20. b3 Rc8
21. b4 axb4 22. cxb4 Qg5 23. Ra7 Kh8 24. g3 e4 25. Ra5 Be5 26. Nf4 Qg7 27. Qd2
Rfd8 28. Nd5 f5 29. Rd1 Rb8 30. Bf1 Qf7 31. Nf4 Bb3 32. Rb1 Be6 33. Nxe6 Qxe6
34. Qd5 Qxd5 35. Rxd5 Kg7 36. b5 Kf6 37. b6 Rdc8 38. Kg2 Ke6 39. Rd2 Bc3 40.
Ra2 d5 41. b7 Rc7 42. Rb6+ Ke5 43. Ba6 d4 44. Rb5+ Ke6 45. f3 e3 46. f4 d3 47.
Rb6+ Kd5 48. Bxd3 Rcxb7 49. Rxb7 Rxb7 50. Bxf5 h6 51. Kf3 Rb2 52. Rxb2 Bxb2 53.
Kxe3 Kd6 54. Ke4 Ke7 55. Bg4 Kf6 56. Bh5 Bc3 57. Be8 Be1 58. Kf3 Ba5 59. Kg4
Bb6 60. Ba4 Bg1 61. Kf3 Bb6 62. Bc2 Kg7 63. h4 Ba5 64. Kf2 Bb4 65. Ke2 Ba5 66.
g4 Bd8 67. g5 hxg5 68. hxg5 Ba5 69. Kd3 Bb4 70. Bb1 Bd6 71. Ke4 Bc7 72. f5 Bd8
73. Kf4 Be7 74. Be4 Bd8 75. Kg4 Be7 76. Kh5 Bd8 77. f6+ Bxf6 78. gxf6+ Kxf6
1/2-1/2

[Event "C.to Europeo U18"]
[Site "Fermo ITA"]
[Date "2009.09.09"]
[Round "9"]
[White "Ter-Sahakyan, Samvel"]
[Black "Chirila, Ioan-Cristian"]
[Result "1-0"]
[WhiteElo "2480"]
[BlackElo "2526"]
[PlyCount "77"]
[EventDate "2009.08.31"]

1. e4 c5 2. Nf3 d6 3. d4 cxd4 4. Nxd4 Nf6 5. Nc3 g6 6. Be3 Bg7 7. f3 Nc6 8. Bc4
O-O 9. Qd2 Bd7 10. O-O-O Rb8 11. Kb1 Na5 12. Be2 b5 13. Ndxb5 a6 14. Nd4 Qc7
15. Nb3 Nc4 16. Bxc4 Qxc4 17. Bd4 Be6 18. h4 Rfc8 19. h5 Qc7 20. hxg6 hxg6 21.
g4 a5 22. Qh2 Rb4 23. e5 dxe5 24. Bxe5 Qb7 25. Ne4 Rb6 26. Nxf6+ exf6 27. Bd4
Rb5 28. Bc5 Rbxc5 29. Nxc5 Qc6 30. Qh7+ Kf8 31. Nxe6+ Qxe6 32. Qh2 Kg8 33. Qd6
Qc4 34. Qd3 Qc6 35. Rhe1 Rb8 36. c3 a4 37. a3 Bf8 38. Ka2 Qb7 39. Re2 1-0

[Event "C.to Europeo U18"]
[Site "Fermo ITA"]
[Date "2009.09.09"]
[Round "9"]
[White "To, Nhat Minh"]
[Black "Vardanian, Haik G."]
[Result "1-0"]
[WhiteElo "2366"]
[BlackElo "2300"]
[PlyCount "89"]
[EventDate "2009.08.31"]

1. e4 c5 2. Nf3 e6 3. d4 cxd4 4. Nxd4 a6 5. Bd3 Nf6 6. O-O d6 7. c4 Nbd7 8. Nc3
b6 9. Be3 Bb7 10. f3 Rc8 11. Qd2 Be7 12. Rfd1 O-O 13. Bf1 Qc7 14. Rac1 Qb8 15.
a3 Bd8 16. b4 Bc7 17. h3 Rfe8 18. Nb3 Nh5 19. Ne2 Rcd8 20. Bg5 Nhf6 21. Bf4 Nf8
22. a4 Ng6 23. Bg5 b5 24. cxb5 axb5 25. a5 d5 26. Bxf6 gxf6 27. Nc5 Kg7 28.
Nxb7 Qxb7 29. Qc2 Bd6 30. exd5 exd5 31. Qb3 Qa7+ 32. Nd4 Re5 33. Kh1 Rg5 34.
Nxb5 Qf2 35. Rc2 Qg3 36. Nxd6 Rxd6 37. Qe3 Re6 38. Qf2 Qf4 39. b5 Re3 40. Rcd2
Ne5 41. Rd4 Re4 42. R1d2 Rxd4 43. Qxd4 Qf5 44. a6 Qb1 45. Rd1 1-0

[Event "C.to Europeo U18"]
[Site "Fermo ITA"]
[Date "2009.09.09"]
[Round "9"]
[White "Van Cappellen, Jonas"]
[Black "Bebel, Arkadiusz"]
[Result "1/2-1/2"]
[WhiteElo "2002"]
[BlackElo "2276"]
[PlyCount "56"]
[EventDate "2009.08.31"]

1. e4 c5 2. Nf3 e6 3. c3 d5 4. exd5 Qxd5 5. d4 Nf6 6. Na3 Nc6 7. Be3 cxd4 8.
Nb5 Qd8 9. Nbxd4 Nd5 10. Bg5 Qb6 11. Bc4 h6 12. Bh4 Bc5 13. O-O O-O 14. Nb3
Nde7 15. Nxc5 Qxc5 16. Qe2 Nf5 17. Bg3 Nxg3 18. hxg3 b6 19. Rad1 Qe7 20. Ne5
Nxe5 21. Qxe5 Bb7 22. a4 Rac8 23. Bb5 Rfd8 24. Qe3 Rc5 25. Be2 Qc7 26. Rxd8+
Qxd8 27. b4 Rd5 28. a5 Qc7 1/2-1/2

[Event "C.to Europeo U18"]
[Site "Fermo ITA"]
[Date "2009.09.09"]
[Round "9"]
[White "Varga, David"]
[Black "Nitelea, Alexandru-Barbu"]
[Result "1/2-1/2"]
[WhiteElo "2285"]
[BlackElo "2099"]
[PlyCount "34"]
[EventDate "2009.08.31"]

1. e4 c5 2. Nf3 e6 3. d4 cxd4 4. Nxd4 a6 5. Bd3 Nf6 6. O-O Qc7 7. Qe2 d6 8. c4
g6 9. Nc3 Bg7 10. Rd1 O-O 11. h3 Nfd7 12. Be3 Nc6 13. Nxc6 bxc6 14. Rac1 c5 15.
Qd2 Ne5 16. Bf1 Rd8 17. Bf4 Bb7 1/2-1/2

[Event "C.to Europeo U18"]
[Site "Fermo ITA"]
[Date "2009.09.09"]
[Round "9"]
[White "Yilmaz, Mustafa"]
[Black "Kopylov, Alexander A."]
[Result "1-0"]
[WhiteElo "2432"]
[BlackElo "2442"]
[PlyCount "45"]
[EventDate "2009.08.31"]

1. e4 c5 2. Nf3 e6 3. d4 cxd4 4. Nxd4 a6 5. Bd3 Bc5 6. Nb3 Be7 7. Qg4 g6 8. Qe2
d6 9. O-O Nc6 10. Be3 Nf6 11. Bh6 Qc7 12. N1d2 b6 13. f4 Bb7 14. f5 Rg8 15.
fxe6 fxe6 16. Bg5 Rf8 17. Rf2 Ne5 18. Raf1 Nfd7 19. Nd4 Rxf2 20. Qxf2 Nc5 21.
Nc4 Bxg5 22. Qf8+ Kd7 23. Nxe5+ 1-0

[Event "C.to Europeo U18"]
[Site "Fermo ITA"]
[Date "2009.09.09"]
[Round "9"]
[White "Yilmazyerli, Mert"]
[Black "Rombaldoni, Axel"]
[Result "1/2-1/2"]
[WhiteElo "2255"]
[BlackElo "2425"]
[PlyCount "101"]
[EventDate "2009.08.31"]

1. e4 c5 2. Nf3 a6 3. Nc3 b5 4. d4 cxd4 5. Nxd4 Bb7 6. Bd3 g6 7. Be3 Bg7 8. O-O
e6 9. Qd2 d6 10. a4 b4 11. Nce2 a5 12. Bb5+ Nd7 13. Nxe6 fxe6 14. Qxd6 Qe7 15.
Qc7 Bxe4 16. Bc5 Qf7 17. f3 Bd5 18. Nf4 Ngf6 19. Rad1 Bf8 20. Rfe1 Bxc5+ 21.
Qxc5 Kd8 22. Qd6 Re8 23. Rxd5 exd5 24. Re6 Re7 25. Rxe7 Qxe7 26. Ne6+ Ke8 27.
Nc7+ Kf7 28. Qxe7+ Kxe7 29. Nxa8 Kd8 30. f4 Kc8 31. Bc6 h5 32. h3 h4 33. Kf2
Kb8 34. Ke3 Nc5 35. Nb6 Kc7 36. Nxd5+ Kxc6 37. Nxf6 Nxa4 38. b3 Nc3 39. Kd4
Ne2+ 40. Ke5 Nc3 41. Ng4 Nd5 42. Ke4 Kc5 43. Ne5 Ne7 44. Nd7+ Kc6 45. Ne5+ Kc5
46. Ng4 Nd5 47. Ne3 Nf6+ 48. Kd3 Nh5 49. Ke4 Nf6+ 50. Ke5 Nd7+ 51. Ke4 1/2-1/2